[Event "Copenhagen Chess Challenge 2018"]
[Site "Ballerup"]
[Date "2018.04.29"]
[Round "8"]
[White "Stampe, Roger"]
[Black "Andersen, Lars Ren"]
[Result "0-1"]
[WhiteElo "1992"]
[BlackElo "2116"]
[EventDate "2018.04.25"]
[EventRounds "9"]
[EventCountry "Danmark"]
[WhiteFideId "1512102"]
[BlackFideId "1404792"]

1. f4 c5 2. Nf3 g6 3. g3 Nc6 4. Bg2 Bg7 5. c3 e6 6. O-O Nge7 7. d3 O-O 8. Na3 b6 9. e4 d6 10. e5 dxe5 11. Nxe5 Bb7 12. Nac4 Rb8 13. Qe2 Qc7 14. Bd2 b5 15. Nxc6 Bxc6 16. Ne5 Bxg2 17. Kxg2 Rfd8 18. Rad1 Nc6 19. Nf3 b4 20. cxb4 Nxb4 21. Bxb4 cxb4 22. Ne5 Bxe5 23. Qxe5 Qc2+ 24. Kh3 Rbc8 25. Qe3 Qxb2 26. Qxa7 Rc2 27. Rh1 Qxa2 28. Qb6 Qd5 29. g4 h5 30. gxh5 Qxh5+ 31. Kg3 Ra8 32. Qxb4 Raa2 33. Qb8+ Kh7 34. Qb7 Kg7 35. Qe4 Re2 36. Qf3 Qc5 37. d4 Qc2 38. Rhg1 Rf2 39. Qe3 Rg2+ 40. Kf3 Rxh2 41. Kg3 Rg2+ 42. Kf3 Qf2+ 43. Qxf2 Rgxf2+ 44. Ke3 f5 45. d5 Rae2+ 46. Kd3 exd5 47. Ra1 Re6 48. Ra4 Kf6 49. Rd4 Rf3+ 50. Kd2 Rf2+ 51. Kd3 Rd6 52. Ke3 Ra2 53. Rgd1 Ra3+ 54. Kf2 Ra5 55. Kf3 Rc5 56. R1d3 Ke6 57. Kg3 Rc4 58. Re3+ Kf6 59. Rd2 Re4 60. Rf3 d4 61. Kh4 g5+ 62. Kg3 gxf4+ 63. Rxf4 Ke5 64. Rf3 Re3 65. Kf2 f4 66. Ra2 Ke4 67. Re2 Rxe2+ 68. Kxe2 d3+  0-1

[Event "Copenhagen Chess Challenge 2018"]
[Site "Ballerup"]
[Date "2018.04.29"]
[Round "8"]
[White "Vangsgaard, Bjarke"]
[Black "Dalsberg, Sandra de Blecourt"]
[Result "0-1"]
[WhiteElo "1940"]
[BlackElo "2075"]
[EventDate "2018.04.25"]
[EventRounds "9"]
[EventCountry "Danmark"]
[WhiteFideId "1436570"]
[BlackFideId "1004948"]

1. d4 d5 2. Bf4 c5 3. e3 Nc6 4. Nf3 Nf6 5. c3 Qb6 6. Qb3 c4 7. Qxb6 axb6 8. Be2 Bf5 9. O-O e6 10. Nbd2 Be7 11. h3 O-O 12. g4 Bg6 13. Ne5 Nxe5 14. Bxe5 Nd7 15. Bg3 b5 16. f4 f5 17. Nf3 b4 18. cxb4 Bxb4 19. Be1 Be7 20. Bh4 Bd6 21. Kh2 b5 22. a3 Nb6 23. Ne5 Bxe5 24. fxe5 Na4 25. Ra2 fxg4 26. Rxf8+ Rxf8 27. Bxg4 Bf5 28. Bd1 Be4 29. Bg4 Kf7 30. Bh5+ g6 31. Bd1 h6 32. Bxa4 bxa4 33. Ra1 Rb8 34. Rf1+ Bf5 35. Rf2 Rb3 36. Re2 c3 37. bxc3 Rxc3 38. Rb2 g5 39. Rb7+ Kg6 40. Bf2 Rxa3 41. Ra7 Bc2 42. Kg3 Rc3 43. h4 Kh5 44. hxg5 Kxg5 45. Re7 Bf5 46. Rg7+ Bg6 47. Re7 Kf5 48. Ra7 a3 49. Ra8 Ke4 50. Kg4 Bf5+ 51. Kh5 Rc2 52. Bg3 a2 53. Kxh6 Kxe3 54. Ra4 Rg2 55. Be1 Kd3 56. Ba5 Rc2 57. Kg5 Ke2 58. Ra3 Kd1 59. Rg3 Kc1 60. Rg1+ Kb2  0-1

[Event "Copenhagen Chess Challenge 2018"]
[Site "Ballerup"]
[Date "2018.04.29"]
[Round "8"]
[White "Sorensen, Per Settergren"]
[Black "Gjestemoen VonHirsch, Andre"]
[Result "1-0"]
[WhiteElo "2034"]
[BlackElo "1691"]
[EventDate "2018.04.25"]
[EventRounds "9"]
[EventCountry "Danmark"]
[WhiteFideId "1413872"]
[BlackFideId "1539531"]

1. e4 c5 2. Nf3 Nc6 3. Nc3 g6 4. Bb5 Bg7 5. Bxc6 dxc6 6. d3 Bg4 7. h3 Bxf3 8. Qxf3 Qb6 9. O-O Nf6 10. e5 Nd7 11. e6 fxe6 12. Re1 Rf8 13. Qg4 Bd4 14. Ne4 O-O-O 15. c3 Bg7 16. Qxe6 Bf6 17. Be3 Kb8 18. b4 Qa6 19. bxc5 Ka8 20. d4 Rfe8 21. Rab1 Nf8 22. Qf7 Rb8 23. Bf4 Bh8 24. Bxb8 Rxb8 25. Qxe7 g5  1-0

[Event "Copenhagen Chess Challenge 2018"]
[Site "Ballerup"]
[Date "2018.04.29"]
[Round "8"]
[White "Vangsgaard, Freja"]
[Black "Bronnum, Jan"]
[Result "1-0"]
[WhiteElo "1970"]
[BlackElo "2088"]
[EventDate "2018.04.25"]
[EventRounds "9"]
[EventCountry "Danmark"]
[WhiteFideId "1436589"]
[BlackFideId "1400908"]

1. d4 Nf6 2. c4 e6 3. Nc3 Bb4 4. e3 O-O 5. Nge2 d5 6. a3 Be7 7. cxd5 exd5 8. Nf4 c6 9. Bd3 Re8 10. O-O Bd6 11. g3 Bxf4 12. gxf4 Bh3 13. Re1 Qd6 14. Qf3 Bg4 15. Qg3 Qd7 16. f3 Bf5 17. Bf1 Re7 18. Bd2 b5 19. a4 b4 20. Ne2 a5 21. Nc1 Na6 22. Nd3 Bxd3 23. Bxd3 c5 24. b3 cxd4 25. exd4 Nc7 26. f5 Rxe1+ 27. Rxe1 Re8 28. Rc1 Rc8 29. Rc5 Qd8 30. Qe1 Nce8 31. Qc1 Rxc5 32. Qxc5 Qc7 33. Qxc7 Nxc7 34. Bf4 Nfe8 35. Kf2 f6 36. Bb5 Kf7 37. Bc6 Ke7 38. Bxe8 Nxe8 39. Bb8 Kd7 40. Kg3 Nd6 41. Kg4 Nc4 42. Bf4 Na3 43. Bc1 Nc2 44. Bb2 Ne1 45. Bc1 Nc2 46. Bb2 g6 47. fxg6 hxg6 48. Kg3 Ne1 49. Bc1 Ke6 50. h3 Kf5 51. Bf4 Nc2 52. Bc7 Nxd4 53. Bxa5 Nc6 54. Bb6 Nb8 55. h4 Na6 56. a5 Ke5 57. Kf2 Kd6 58. Ke3 Kc6 59. Kd4 Nb8 60. Bc5 Nd7 61. Bxb4 Ne5 62. Ke3 d4+ 63. Ke4  1-0

[Event "Copenhagen Chess Challenge 2018"]
[Site "Ballerup"]
[Date "2018.04.29"]
[Round "8"]
[White "Andersen, Kim Nyvang"]
[Black "Harstad, Christian"]
[Result "1-0"]
[WhiteElo "1962"]
[BlackElo "2000"]
[EventDate "2018.04.25"]
[EventRounds "9"]
[EventCountry "Danmark"]
[WhiteFideId "1415743"]
[BlackFideId "1504045"]

1. d4 Nf6 2. c4 g6 3. Nc3 Bg7 4. e4 d6 5. Nge2 O-O 6. f3 c5 7. d5 e6 8. Ng3 exd5 9. cxd5 a6 10. a4 h5 11. Bg5 Qc7 12. Qd2 Nh7 13. Bh4 Nd7 14. f4 Rb8 15. e5 dxe5 16. Be7 Re8 17. d6 Qa5 18. f5 Bf8 19. fxg6 fxg6 20. Qd5+ Kg7 21. Bc4 Bxe7 22. Qf7+ Kh6 23. dxe7 Qb4 24. Bd3 e4 25. Bxe4 Qb6 26. Qxe8  1-0

[Event "Copenhagen Chess Challenge 2018"]
[Site "Ballerup"]
[Date "2018.04.29"]
[Round "8"]
[White "Steenstrup, Svend"]
[Black "Tenold, Andreas"]
[Result "0-1"]
[WhiteElo "1976"]
[BlackElo "1755"]
[EventDate "2018.04.25"]
[EventRounds "9"]
[EventCountry "Danmark"]
[WhiteFideId "1409182"]
[BlackFideId "1525840"]

1. d4 Nf6 2. Nf3 e6 3. e3 d5 4. c4 Be7 5. a3 O-O 6. Nc3 b6 7. b4 a5 8. b5 Bb7 9. cxd5 Nxd5 10. Nxd5 Qxd5 11. Bd3 Nd7 12. e4 Qh5 13. h3 Qg6 14. Qe2 Qxg2 15. Rh2 Qg6 16. Bf4 c5 17. Ne5 Nxe5 18. Bxe5 cxd4 19. f4 Qg1+  0-1

[Event "Copenhagen Chess Challenge 2018"]
[Site "Ballerup"]
[Date "2018.04.29"]
[Round "8"]
[White "Nielsen, Thomas"]
[Black "Andersen, Daniel"]
[Result "1-0"]
[WhiteElo "1585"]
[BlackElo "1810"]
[EventDate "2018.04.25"]
[EventRounds "9"]
[EventCountry "Danmark"]
[WhiteFideId "1431676"]
[BlackFideId "1402714"]

1. a3 g6 2. Nc3 Bg7 3. g3 d5 4. Bg2 d4 5. Na2 c5 6. e3 Nc6 7. exd4 cxd4 8. d3 e5 9. h3 Nge7 10. Ne2 Be6 11. O-O Bd5 12. c3 Bxg2 13. Kxg2 dxc3 14. Naxc3 O-O 15. Bg5 h6 16. Be3 Nf5 17. Bc5 Re8 18. Nb5 Qd5+ 19. Kh2 Qxc5 20. Nc7 Rac8 21. Nxe8 Rxe8 22. b4 Qd6 23. Rc1 Nfd4 24. f4 exf4 25. Nxf4 Be5 26. Qg4 Bxf4 27. Rxf4 Ne2 28. Re1 Qe6 29. Re4  1-0

[Event "Copenhagen Chess Challenge 2018"]
[Site "Ballerup"]
[Date "2018.04.29"]
[Round "8"]
[White "Larsen, Preben R."]
[Black "Saravana, Vedant Kumar"]
[Result "1/2-1/2"]
[WhiteElo "1796"]
[BlackElo "1447"]
[EventDate "2018.04.25"]
[EventRounds "9"]
[EventCountry "Danmark"]
[WhiteFideId "1425790"]
[BlackFideId "45059730"]

1. e4 e5 2. Nf3 Nc6 3. Bc4 Bc5 4. O-O Nf6 5. d4 Bxd4 6. Nxd4 Nxd4 7. Bg5 d6 8. f4 Be6 9. fxe5 dxe5 10. Bxe6 Nxe6 11. Qxd8+ Rxd8 12. Bxf6 gxf6 13. Nc3 Ke7 14. Nd5+ Kf8 15. Rxf6 c6 16. Nc3 Nf4 17. Rf1 Rd2 18. g3 Rg8 19. Kh1 Rg6 20. Rf5 Rh6 21. h4 f6 22. Rf3 Nh5 23. Rxe5 Rxc2 24. Na4 b6 25. Ref5 Ke7 26. e5 Ke6 27. g4 Nf4 28. R3xf4 Rxh4+ 29. Kg1 fxe5 30. Re4 Rhh2 31. Rfxe5+ Kf6 32. Rf5+ Kg6 33. Re6+ Kg7 34. Rh5 Rhg2+ 35. Kf1 Rxg4 36. Nc3 Rxb2 37. Rxc6 Rc2 38. Rc7+ Kg6 39. Rhxh7 Rf4+ 40. Ke1 Rxc3 41. Rxc3 Kxh7 42. Rc7+ Kg6 43. Rxa7  1/2-1/2

[Event "Copenhagen Chess Challenge 2018"]
[Site "Ballerup"]
[Date "2018.04.29"]
[Round "8"]
[White "Jorgensen, Olav Erstad"]
[Black "Sundin, Sven-Ingvar"]
[Result "1-0"]
[WhiteElo "1636"]
[BlackElo "1663"]
[EventDate "2018.04.25"]
[EventRounds "9"]
[EventCountry "Danmark"]
[WhiteFideId "1457063"]
[BlackFideId "1724517"]

1. d4 d5 2. Bf4 Nf6 3. e3 e6 4. Nf3 Bd6 5. Bg3 O-O 6. Bd3 c5 7. c3 Nc6 8. Nbd2 b6 9. e4 dxe4 10. Nxe4 Bxg3 11. hxg3 cxd4 12. Nxf6+ Qxf6 13. Bxh7+ Kh8 14. Be4+ Kg8 15. Bxc6 Rb8 16. Qxd4 Qg6 17. Qh4 f6 18. Be4 Qe8 19. Qh7+  1-0

[Event "Copenhagen Chess Challenge 2018"]
[Site "Ballerup"]
[Date "2018.04.29"]
[Round "8"]
[White "Thybo, Thomas Sondergaard"]
[Black "Hentley, Darryl"]
[Result "1-0"]
[WhiteElo "2004"]
[BlackElo "1544"]
[EventDate "2018.04.25"]
[EventRounds "9"]
[EventCountry "Danmark"]
[WhiteFideId "1441299"]
[BlackFideId "16205650"]

1. d4 c6 2. e4 g6 3. Nc3 Bg7 4. Be3 d5 5. Qd2 h6 6. O-O-O Nf6 7. e5 Ne4 8. Nxe4 dxe4 9. Bc4 b5 10. Bb3 Nd7 11. f3 exf3 12. Nxf3 Nb6 13. e6 Bxe6 14. Bxe6 fxe6 15. Qd3 Bf6 16. Qxg6+ Kd7 17. Rhe1 Kc7 18. Bf4+ Kb7 19. Rxe6 Qd5 20. Qe4 Qxa2 21. Rxc6 Rac8 22. Rxc8+ Kxc8 23. Qc6+  1-0

[Event "Copenhagen Chess Challenge 2018"]
[Site "Ballerup"]
[Date "2018.04.29"]
[Round "8"]
[White "Sorensen, Bernhard W"]
[Black "Vangsgaard, Claus"]
[Result "1-0"]
[WhiteElo "1762"]
[BlackElo "1938"]
[EventDate "2018.04.25"]
[EventRounds "9"]
[EventCountry "Danmark"]
[WhiteFideId "1442074"]
[BlackFideId "1417320"]

1. d4 c5 2. d5 Nf6 3. Nc3 d6 4. e4 g6 5. Nf3 Bg7 6. Bb5+ Nbd7 7. O-O a6 8. Bxd7+ Bxd7 9. a4 O-O 10. Re1 Ng4 11. Ne2 b5 12. axb5 axb5 13. Rb1 b4 14. h3 Ne5 15. Nxe5 Bxe5 16. Bh6 Bg7 17. Qd2 Ra2 18. c4 Qb6 19. Bxg7 Kxg7 20. Nc1 Ra7 21. e5 Bf5 22. Nd3 dxe5 23. Rxe5 Rd8 24. g4 Bxd3 25. Qxd3 e6 26. Rd1 Rad7 27. Qf3 exd5 28. cxd5 c4 29. g5 Rd6 30. Re7 R8d7 31. Qxf7+  1-0

[Event "Copenhagen Chess Challenge 2018"]
[Site "Ballerup"]
[Date "2018.04.29"]
[Round "9"]
[White "Thybo, Jesper Sondergaard"]
[Black "Percivaldi, Martin"]
[Result "1-0"]
[WhiteElo "2473"]
[BlackElo "2398"]
[EventDate "2018.04.25"]
[EventRounds "9"]
[EventCountry "Danmark"]
[WhiteFideId "1438832"]
[BlackFideId "1508148"]

1. d4 Nf6 2. c4 e6 3. Nf3 d5 4. Nc3 c6 5. cxd5 exd5 6. Bg5 h6 7. Bh4 Bf5 8. e3 Be7 9. Bd3 Bxd3 10. Qxd3 Nbd7 11. O-O O-O 12. Rab1 a5 13. Qc2 Re8 14. a3 Qb8 15. b4 axb4 16. axb4 b5 17. Bxf6 Nxf6 18. Ne2 Rc8 19. Nf4 Bd6 20. Nd3 Nd7 21. Ra1 Nb6 22. Nc5 Qc7 23. Qc3 Nc4 24. g3 Qe7 25. Nd2 Bxc5 26. dxc5 Nxd2 27. Qxd2 Ra7 28. Ra2 Rca8 29. Rfa1 Qb7 30. Rxa7 Rxa7 31. Rxa7 Qxa7 32. Qd4 Qa2 33. Kg2 Qb1 34. Kf3 Kh7 35. e4 Qh1+ 36. Kf4 Qc1+ 37. Ke5 f6+ 38. Kd6 Qc4 39. Qd2 d4 40. Kxc6 d3 41. Kb7 Qxe4+ 42. c6 Qe2 43. Qf4 Qe7+ 44. c7 Qd7 45. Qd2 f5 46. Kb8 Qd6 47. Kb7 Qd7 48. h4 g6 49. f3 Qd5+ 50. Kb8 Qd6 51. g4 fxg4 52. fxg4 Qb6+ 53. Kc8 Qe6+ 54. Kb7 Qd5+ 55. Kb8 Qd6 56. g5 hxg5 57. hxg5 Qb6+ 58. Kc8 Qd6 59. Kb7 Qd5+ 60. Kb8 Qd6 61. Qf2 d2 62. Qf7+ Kh8 63. Qf6+ Qxf6 64. c8=Q+ Kh7 65. gxf6 d1=Q 66. Qc7+ Kh6 67. Qg7+ Kh5 68. Qh7+ Kg4 69. Qe7 Qd4 70. f7 Qb6+ 71. Qb7 Qd6+ 72. Qc7  1-0

[Event "Copenhagen Chess Challenge 2018"]
[Site "Ballerup"]
[Date "2018.04.29"]
[Round "9"]
[White "Bjerre, Jonas Buhl"]
[Black "Urkedal, Frode Olav Olsen"]
[Result "1-0"]
[WhiteElo "2378"]
[BlackElo "2560"]
[EventDate "2018.04.25"]
[EventRounds "9"]
[EventCountry "Danmark"]
[WhiteFideId "1444948"]
[BlackFideId "1506102"]

1. e4 c5 2. Nf3 d6 3. d4 cxd4 4. Nxd4 Nf6 5. Nc3 a6 6. Bg5 Nbd7 7. Qe2 Qa5 8. Bd2 g6 9. O-O-O Bg7 10. Nb3 Qc7 11. g4 Nb6 12. g5 Nh5 13. f4 Bd7 14. Qf2 Na4 15. Nxa4 Bxa4 16. Kb1 O-O 17. Be2 a5 18. Bxh5 gxh5 19. f5 Be5 20. Bf4 Bxb3 21. cxb3 Bxf4 22. Qxf4 a4 23. Rc1 Qb6 24. Rhg1 axb3 25. a3 Qb5 26. Qe3 Qe5 27. g6 fxg6 28. fxg6 Rf4 29. Qxb3+ Kg7 30. gxh7+ Kxh7 31. Qxb7 Qxe4+ 32. Qxe4+ Rxe4 33. Rce1 Rxe1+ 34. Rxe1 e5 35. Rd1 Rd8 36. b4 Kg6 37. b5 d5 38. a4 d4 39. Kc2 e4 40. b6 Kf5 41. b7 d3+ 42. Kd2 Kf4 43. Rf1+ Ke5 44. Rb1 e3+ 45. Kxe3 d2 46. a5 Kd6 47. b8=Q+ Rxb8 48. Rxb8  1-0

[Event "Copenhagen Chess Challenge 2018"]
[Site "Ballerup"]
[Date "2018.04.29"]
[Round "9"]
[White "Hector, Jonny"]
[Black "Danielsen, Henrik"]
[Result "1/2-1/2"]
[WhiteElo "2502"]
[BlackElo "2500"]
[EventDate "2018.04.25"]
[EventRounds "9"]
[EventCountry "Danmark"]
[WhiteFideId "1700090"]
[BlackFideId "1400185"]

1. e4 d6 2. Nc3 Nf6 3. f4 e5 4. Nf3 Be7 5. Bc4 O-O 6. d3 Nbd7 7. a4 c6 8. Qe2 exf4 9. Ba2 a5 10. Bxf4 Nc5 11. O-O Be6 12. d4 Bxa2 13. dxc5 Be6 14. cxd6 Bxd6 15. Bxd6 Qxd6 16. e5 Qc5+ 17. Kh1 Bc4 18. Qf2 Nd7 19. Qxc5 Nxc5 20. Rfd1 Be6 21. Rd4 h6 22. Rad1 Rfe8 23. Kg1 Bf5 24. Rc4 Na6 25. Ne4 Bxe4 26. Rxe4 Kf8 27. h4 Nc5 28. Rc4 Ne6 29. c3 Rad8 30. Rb1 Rd5 31. b4 axb4 32. cxb4 Red8 33. a5 Nc7 34. Kf2 Rb5 35. Re1 Rbd5 36. h5 Rd3 37. b5 Nxb5 38. a6 bxa6 39. Rxc6 Nd4 40. Rxa6 Ne6 41. Ra7 Rb3 42. Rea1 Rbb8 43. R1a2 Rdc8 44. Nh4 Nf4 45. Rd2 Rd8 46. Rxd8+ Rxd8 47. Kf3 Ne6 48. Nf5 Ng5+ 49. Kg4 Rb8 50. Kg3 Rb3+ 51. Kf2 Rb8 52. Nd6 Kg8 53. g4 Rb2+ 54. Kg3 Rb3+ 55. Kg2 Rb2+ 56. Kg3 Rb3+ 57. Kg2 Rb2+ 58. Kg3 Rb3+  1/2-1/2

[Event "Copenhagen Chess Challenge 2018"]
[Site "Ballerup"]
[Date "2018.04.29"]
[Round "9"]
[White "Sonis, Francesco"]
[Black "Rostgaard, Tobias Valentin"]
[Result "1/2-1/2"]
[WhiteElo "2448"]
[BlackElo "2311"]
[EventDate "2018.04.25"]
[EventRounds "9"]
[EventCountry "Danmark"]
[WhiteFideId "895733"]
[BlackFideId "1408801"]

1. Nf3 g6 2. c4 Bg7 3. d4 Nf6 4. g3 O-O 5. Bg2 d6 6. O-O Nc6 7. Nc3 a6 8. Qd3 e5 9. d5 Ne7 10. c5 Ne8 11. cxd6 Nxd6 12. e4 h6 13. Re1 Bd7 14. b3 f5 15. Bb2 fxe4 16. Nxe4 Nxe4 17. Qxe4 Bf5 18. Qe2 e4 19. Bxg7 Kxg7 20. Nd2 Nxd5 21. Nxe4 Bxe4 22. Bxe4 c6 23. Qc2 Qf6 24. Bxd5 cxd5 25. Rad1 Rac8 26. Qd2 Rf7 27. Re2 Rd8 28. Qe1 d4 29. Rd3 Rd5 30. Re6 Qf5 31. Re4 Qf6 32. Qe2 Rf5 33. Rd2 d3 34. Qe3 Rd5 35. Kg2 Qc3 36. h4 h5 37. Rc4 Qf6 38. Qe4 Qd6 39. Rc3 Re7 40. Qf3 Rf7 41. Qd1 Rd7 42. Rc4 b5 43. Rf4 Qe5 44. Qc1 Rc5 45. Qd1 Qd5+ 46. Rf3 Rc3 47. Qa1 Qd4 48. Rf4 Qd5+ 49. Kh2 Rdc7 50. Qd1 a5 51. Qf3 Qxf3 52. Rxf3 Rd7 53. Kg2 a4 54. bxa4 bxa4 55. Rf4 Rc2 56. Rxc2 dxc2 57. Rc4 Rd2 58. Kf3 c1=Q 59. Rxc1 Rxa2 60. Rc6 Rb2 61. Ra6 Rb4 62. Ke3 Rg4 63. Kd3 Rb4 64. Kc3 Rb3+ 65. Kd2 a3 66. Kc2 Rb2+ 67. Kc1 Rb3 68. Kc2 Rf3 69. Kd1 Rxf2 70. Rxa3 Kf6  1/2-1/2

[Event "Copenhagen Chess Challenge 2018"]
[Site "Ballerup"]
[Date "2018.04.29"]
[Round "9"]
[White "Haubro, Martin"]
[Black "Vesterli, Michael E"]
[Result "1-0"]
[WhiteElo "2358"]
[BlackElo "2149"]
[EventDate "2018.04.25"]
[EventRounds "9"]
[EventCountry "Danmark"]
[WhiteFideId "1414291"]
[BlackFideId "1417339"]

1. e4 c5 2. Nf3 e6 3. d4 cxd4 4. Nxd4 a6 5. Bd3 Qb6 6. Be3 Qxb2 7. Nd2 Nc6 8. O-O b5 9. N4b3 Nf6 10. a4 Rb8 11. axb5 axb5 12. Qe2 Qe5 13. f4 Qh5 14. Nf3 Be7 15. h3 O-O 16. g4 Qxh3 17. Nh2 Ne8 18. Rf3 Qh4 19. Qg2 e5 20. f5 Bg5 21. Bf2 Qh6 22. Rh3 Qf6 23. Nf3 h6 24. Nxg5 hxg5 25. Qh2 g6 26. Kg2  1-0

[Event "Copenhagen Chess Challenge 2018"]
[Site "Ballerup"]
[Date "2018.04.29"]
[Round "9"]
[White "Boe Olsen, Filip"]
[Black "Kristensen, Kaare Hove"]
[Result "1-0"]
[WhiteElo "2309"]
[BlackElo "2313"]
[EventDate "2018.04.25"]
[EventRounds "9"]
[EventCountry "Danmark"]
[WhiteFideId "1440640"]
[BlackFideId "1400940"]

1. d4 d5 2. c4 c6 3. Nf3 Nf6 4. e3 Bg4 5. h3 Bh5 6. Nc3 e6 7. g4 Bg6 8. Ne5 Nbd7 9. Nxg6 hxg6 10. g5 Ne4 11. Nxe4 dxe4 12. h4 f5 13. c5 Kf7 14. Bc4 b5 15. Bb3 a5 16. a4 b4 17. Bc4 Nb8 18. f3 exf3 19. Qxf3 Qd7 20. b3 Na6 21. Bb2 Nc7 22. O-O-O Be7 23. e4 Raf8 24. d5 cxd5 25. exd5 exd5 26. Rxd5  1-0

[Event "Copenhagen Chess Challenge 2018"]
[Site "Ballerup"]
[Date "2018.04.29"]
[Round "9"]
[White "Genov, Petar"]
[Black "Berg, Klaus"]
[Result "1-0"]
[WhiteElo "2435"]
[BlackElo "2335"]
[EventDate "2018.04.25"]
[EventRounds "9"]
[EventCountry "Danmark"]
[WhiteFideId "2900211"]
[BlackFideId "1400053"]

1. c4 Nf6 2. Nf3 g6 3. b3 Bg7 4. Bb2 O-O 5. g3 c5 6. Bg2 Nc6 7. O-O d5 8. cxd5 Nxd5 9. Bxg7 Kxg7 10. d4 cxd4 11. Nxd4 Nxd4 12. Qxd4+ Nf6 13. Qe5 Qb6 14. Nc3 Qe6 15. Qxe6 fxe6 16. Rac1 Rb8 17. Ne4 Nd5 18. Rfd1 Rd8 19. Ng5 Rd6 20. e4 h6 21. Nxe6+ Bxe6 22. exd5 Bd7 23. Re1 Kf7 24. Rc7 a5 25. f4 b5 26. Rc5 Rc8 27. Rxc8 Bxc8 28. Rc1 Bd7 29. Rc5 e6 30. Kf2 Be8 31. Ke3 Kf6 32. a3 g5 33. h4 gxh4 34. gxh4 exd5 35. Bxd5 Bd7 36. Bf3 Re6+ 37. Be4 Rd6 38. Rh5 Ke7 39. Re5+ Kf6 40. Bd5 Rb6 41. Kd4 Rb8 42. Be4 Rg8 43. Rh5 Kg7 44. Rd5 Bc6 45. Rc5 Rd8+ 46. Ke3 Be8 47. Bd3 Rb8 48. b4 axb4 49. axb4 Kf6 50. Be4 Rd8 51. Bc6 Bxc6 52. Rxc6+ Kf5 53. Rxh6 Kg4 54. Rg6+ Kxh4 55. Rg5 Rb8 56. Kd4 Rf8 57. Ke4 Rb8 58. Kd4 Rf8 59. Kc5 Rxf4 60. Rd5  1-0

[Event "Copenhagen Chess Challenge 2018"]
[Site "Ballerup"]
[Date "2018.04.29"]
[Round "9"]
[White "Boe, Mads"]
[Black "Brynell, Stellan"]
[Result "1/2-1/2"]
[WhiteElo "2301"]
[BlackElo "2420"]
[EventDate "2018.04.25"]
[EventRounds "9"]
[EventCountry "Danmark"]
[WhiteFideId "1401408"]
[BlackFideId "1700219"]

1. d4 Nf6 2. Nf3 d5 3. c4 dxc4 4. e3 Bg4 5. Bxc4 e6 6. Nc3 Nc6 7. O-O a6 8. a3 Bd6 9. Re1 O-O 10. h3 Bh5 11. g4 Bg6 12. Nh4 Ne4 13. Nxg6 Nxc3 14. bxc3 hxg6 15. Bf1 e5 16. Bd2 Qd7 17. f4 exf4 18. exf4 Rfe8 19. Qb3 b5 20. a4 Na5 21. Qd5 c6 22. Qa2 Bc7 23. axb5 axb5 24. Bg2 Rad8 25. Rad1 Nc4 26. Bc1 Nb6 27. Kh1 Nd5 28. Bxd5 cxd5 29. Qf2 f5 30. Qg2 Re4 31. Rxe4 fxe4 32. Rf1 Rf8 33. Bd2 Qe6 34. Qe2 Qd7  1/2-1/2

[Event "Copenhagen Chess Challenge 2018"]
[Site "Ballerup"]
[Date "2018.04.29"]
[Round "9"]
[White "Mikalsen, Erlend"]
[Black "Jacobsen, Mikkel Manosri"]
[Result "1/2-1/2"]
[WhiteElo "2307"]
[BlackElo "2172"]
[EventDate "2018.04.25"]
[EventRounds "9"]
[EventCountry "Danmark"]
[WhiteFideId "1507338"]
[BlackFideId "1444514"]

1. e4 c6 2. d4 d5 3. Nc3 a6 4. Bd3 g6 5. Be3 dxe4 6. Nxe4 Bg7 7. Nf3 Bg4 8. h3 Bxf3 9. Qxf3 Nf6 10. O-O-O Nbd7 11. Kb1 Nxe4 12. Qxe4 Nf6 13. Qh4 Qd5 14. f3 b5 15. Rhe1 Rd8 16. c3 a5 17. Bg5 Qd6 18. d5 h6 19. Bf4 Qxd5 20. Bc2 Qc5 21. Rxd8+ Kxd8 22. Be3 Qc4 23. Qf2 Nd5 24. Bb6+ Kd7 25. Bxa5 Ra8 26. Re4 Rxa5 27. Rxc4 bxc4 28. Be4 e6 29. Bxd5 exd5 30. Qb6 Bxc3 31. Kc2 Be1 32. a3 Rb5 33. Qa7+ Kd6 34. Qxf7 Bf2 35. f4 Bd4 36. Qxg6+ Kc5 37. b4+ cxb3+ 38. Kb1 Ra5 39. Qxh6 Kb5 40. Qd6 c5 41. Qxd5 Rxa3 42. Kc1 Ra1+ 43. Kd2 b2 44. Qb7+ Kc4 45. Qf7+ Kb5  1/2-1/2

[Event "Copenhagen Chess Challenge 2018"]
[Site "Ballerup"]
[Date "2018.04.29"]
[Round "9"]
[White "Fries Nielsen, Jens Ove"]
[Black "Hoi, Carsten"]
[Result "1/2-1/2"]
[WhiteElo "2358"]
[BlackElo "2374"]
[EventDate "2018.04.25"]
[EventRounds "9"]
[EventCountry "Danmark"]
[WhiteFideId "1400142"]
[BlackFideId "1400100"]

1. d4 Nf6 2. Nf3 d6 3. Bg5 Nbd7 4. e3 g6 5. Be2 Bg7 6. O-O O-O 7. c4 h6 8. Bh4 g5 9. Bg3 Nh5 10. Nc3 e6 11. Rc1 Qe7 12. Nd2 Nhf6 13. Nf3 Nh5 14. Nd2 Nhf6 15. Nf3 Nh5 16. Nd2 Nhf6 17. Nf3 Nh5 18. Nd2 Nhf6 19. Nf3 Nh5  1/2-1/2

[Event "Copenhagen Chess Challenge 2018"]
[Site "Ballerup"]
[Date "2018.04.29"]
[Round "9"]
[White "Strange, Mikkel"]
[Black "Haugli, Petter"]
[Result "1/2-1/2"]
[WhiteElo "2363"]
[BlackElo "2250"]
[EventDate "2018.04.25"]
[EventRounds "9"]
[EventCountry "Danmark"]
[WhiteFideId "1402765"]
[BlackFideId "1500104"]

1. e4 c5 2. c3 e6 3. d4 d5 4. e5 Nc6 5. Nf3 Nge7 6. a3 Nf5 7. b4 cxd4 8. cxd4 Bd7 9. Bb2 b5 10. Bd3 a5 11. Bxf5 exf5 12. bxa5 Nxa5 13. O-O Nc4 14. Qc2 b4 15. axb4 Rxa1 16. Bxa1 Bxb4 17. Bc3 Be7 18. Nbd2 Qc8 19. Qb3 O-O 20. Bb4 Bxb4 21. Qxb4 Be6 22. Rb1 h6 23. Nb3 Qb8 24. Nc5 Qxb4 25. Rxb4 Ra8 26. g3 Ra1+ 27. Kg2 Ra2 28. Rb3 g5 29. h4 g4 30. Ne1 Nd2 31. Rb8+ Kg7 32. Rb7 Kf8 33. Ncd3 Ne4 34. Rb2 Ra4 35. Nc2 Nd2 36. Nf4 Nf3 37. Nh5 Ke7 38. Nf4 Nxd4 39. Rb7+ Ke8 40. Nxd4 Rxd4 41. Nxe6 fxe6 42. Rb6 Kd7 43. Rb7+ Ke8 44. Rb6 Kd7  1/2-1/2

[Event "Copenhagen Chess Challenge 2018"]
[Site "Ballerup"]
[Date "2018.04.29"]
[Round "9"]
[White "Hobber, Anders"]
[Black "Matthiesen, Martin"]
[Result "1/2-1/2"]
[WhiteElo "2268"]
[BlackElo "2330"]
[EventDate "2018.04.25"]
[EventRounds "9"]
[EventCountry "Danmark"]
[WhiteFideId "1505424"]
[BlackFideId "1404067"]

1. d4 Nf6 2. Nf3 d5 3. e3 c5 4. dxc5 e6 5. a3 Bxc5 6. b4 Be7 7. Bb2 O-O 8. Nbd2 b6 9. Be2 Bb7 10. O-O Nbd7 11. c4 Rc8 12. Rc1 Rc7 13. cxd5 Rxc1 14. Qxc1 Bxd5 15. Qa1 Qa8 16. Rc1 Rc8 17. Ba6 Bb7 18. Bd3 Bd5 19. Ba6 Bb7 20. Bd3 Bd5 21. Ba6  1/2-1/2

[Event "Copenhagen Chess Challenge 2018"]
[Site "Ballerup"]
[Date "2018.04.29"]
[Round "9"]
[White "Thorsbro, Peter"]
[Black "Moe, Mogens"]
[Result "0-1"]
[WhiteElo "2144"]
[BlackElo "2233"]
[EventDate "2018.04.25"]
[EventRounds "9"]
[EventCountry "Danmark"]
[WhiteFideId "1406671"]
[BlackFideId "1400550"]

1. d4 Nf6 2. c4 g6 3. Nc3 d5 4. cxd5 Nxd5 5. e4 Nxc3 6. bxc3 Bg7 7. Nf3 c5 8. Rb1 O-O 9. Be2 Qa5 10. O-O Qxa2 11. Bg5 Qe6 12. Qc2 b6 13. d5 Qd6 14. g3 Nd7 15. Bf4 e5 16. Be3 f5 17. c4 Nf6  0-1